| 000 | 00836nam a22002537a 4500 | ||
|---|---|---|---|
| 001 | BR0906394 | ||
| 003 | BR-BrBNA | ||
| 005 | 20230928103128.0 | ||
| 007 | ta | ||
| 008 | 230509b bl.||||| |||| 00| 0 por d | ||
| 040 |
_aBR-BrBNA _bpor _cBiblioteca Nacional de Agricultura |
||
| 041 | _a(Por) | ||
| 072 | _aE40 | ||
| 090 | _ E40 BR0906394 | ||
| 110 | 1 | _aMinistério da Agricultura, Pecuária e Abastecimento, Brasília, DF (Brasil). Secretaria de Desenvolvimento Agropecuário e Cooperativismo | |
| 245 | 1 | _aGênero, cooperativismo e associativismo; coopergênero, integrando a família cooperativista | |
| 260 | 3 |
_aBrasília, DF (Brasil): _c2009. |
|
| 300 | _a40 p. | ||
| 650 | _aCOOPERATIVA | ||
| 650 | _aDESENVOLVIMENTO COOPERATIVISTA | ||
| 650 | _aASSOCIATIVISMO | ||
| 909 |
_a202309 _bLucia _c55 _dLucia Elande |
||
| 942 | _cBK | ||
| 999 |
_c73841 _d73841 |
||